[Event "Pfalz op-B 8th"]
[Site "Neustadt an der Weinstrasse"]
[Date "2017.02.26"]
[Round "5"]
[White "Messelink, Gerrit"]
[Black "Reissfelder, Matthias"]
[Result "1/2-1/2"]
[WhiteElo "1877"]
[BlackElo "1751"]
[PlyCount "50"]
[EventDate "2017.02.24"]
[EventType "swiss"]
[EventRounds "7"]
[EventCountry "GER"]
[SourceTitle "CBM 177 Extra"]
[Source "ChessBase"]
[SourceDate "2017.04.27"]
[SourceVersion "1"]
[SourceVersionDate "2017.04.27"]
[SourceQuality "1"]

1. e4 e5 2. Nf3 Nc6 3. Bb5 a6 4. Ba4 Nf6 5. 0-0 Be7 6. d3 b5 7. Bb3 0-0 8. Be3 d5 9. exd5 Nxd5 10. Qd2 Nxe3 11. Qxe3 Bb7 12. Nc3 Re8 13. Rfe1 Nd4 14. Nxe5 Nxb3 15. axb3 Bd6 16. d4 f6 17. Rad1 Qc8 18. f4 c5 19. Ne4 Bf8 20. Nxc5 Bxc5 21. dxc5 fxe5 22. fxe5 Qc6 23. Re2 Re6 24. Rd6 Qe8 25. Qd4 Bc6 1/2-1/2

[Event "Pfalz op-B 8th"]
[Site "Neustadt an der Weinstrasse"]
[Date "2017.02.25"]
[Round "2"]
[White "Pocrnic, Josip"]
[Black "Messelink, Gerrit"]
[Result "0-1"]
[WhiteElo "1755"]
[BlackElo "1877"]
[PlyCount "62"]
[EventDate "2017.02.24"]
[EventType "swiss"]
[EventRounds "7"]
[EventCountry "GER"]
[SourceTitle "CBM 177 Extra"]
[Source "ChessBase"]
[SourceDate "2017.04.27"]
[SourceVersion "1"]
[SourceVersionDate "2017.04.27"]
[SourceQuality "1"]

1. e4 d6 2. d4 Nf6 3. Bd3 g6 4. Ne2 Bg7 5. 0-0 0-0 6. Bg5 Nbd7 7. Qd2 c5 8. c3 b5 9. Bh6 Bb7 10. Bxg7 Kxg7 11. Ng3 Qb6 12. d5 Ne5 13. Be2 Rad8 14. Kh1 e6 15. Na3 c4 16. f4 Neg4 17. Bxg4 Nxg4 18. Nc2 exd5 19. exd5 Rfe8 20. Rad1 Rd7 21. Qd4+ Qxd4 22. Rxd4 Rde7 23. h3 Ne3 24. Nxe3 Rxe3 25. Kh2 Rd3 26. Rd1 Ree3 27. R1xd3 Rxd3 28. Ne4 Rxd4 29. cxd4 b4 30. a3 Bxd5 31. Nxd6 c3 0-1

[Event "Muensterland Verbandsliga 1617"]
[Site "Germany"]
[Date "2016.09.10"]
[Round "1.6"]
[White "Messelink, Gerrit"]
[Black "Schuurmans, Han"]
[Result "1-0"]
[WhiteElo "1737"]
[BlackElo "1542"]
[PlyCount "63"]
[EventDate "2016.09.10"]
[EventType "team"]
[EventRounds "9"]
[EventCountry "GER"]
[SourceTitle "EXT 2018"]
[Source "ChessBase"]
[SourceDate "2017.10.13"]
[SourceVersion "1"]
[SourceVersionDate "2017.10.13"]
[SourceQuality "1"]
[WhiteTeam "Ahaus Wessum"]
[BlackTeam "Suedlohn II"]
[WhiteTeamCountry "GER"]
[BlackTeamCountry "GER"]

1. e4 d6 2. d4 g6 3. Bc4 Bg7 4. f4 c6 5. a4 Nf6 6. Nc3 Qa5 7. Bd2 Qb6 8. Nge2 Bg4 9. a5 Qc7 10. 0-0 0-0 11. h3 Bxe2 12. Qxe2 Nbd7 13. e5 Ne8 14. f5 dxe5 15. fxg6 hxg6 16. Qg4 Qd6 17. Be3 exd4 18. Ne4 Qb4 19. Bxf7+ Rxf7 20. Rxf7 Kxf7 21. Ng5+ Kg8 22. Qe6+ Kh8 23. Qxg6 Ndf6 24. Nf7+ Kg8 25. Bg5 Qc4 26. Nh6+ Kh8 27. Bxf6 Nxf6 28. Nf5 Qg8 29. Nxe7 Qh7 30. Qf7 Qe4 31. Rf1 Rf8 32. Ng6+ 1-0

[Event "Muensterland Verbandsliga 1314"]
[Site "Germany"]
[Date "2014.05.03"]
[Round "9.8"]
[White "Hackl Sommer, Rene"]
[Black "Messelink, Gerrit"]
[Result "1-0"]
[WhiteElo "2031"]
[BlackElo "1635"]
[PlyCount "101"]
[EventDate "2013.09.07"]
[EventType "team-tourn"]
[EventRounds "9"]
[EventCountry "GER"]
[SourceTitle "EXT 2015"]
[Source "ChessBase"]
[SourceDate "2014.11.20"]
[SourceVersion "1"]
[SourceVersionDate "2014.11.20"]
[SourceQuality "1"]
[WhiteTeam "Telgte"]
[BlackTeam "Ahaus Wessum"]
[WhiteTeamCountry "GER"]
[BlackTeamCountry "GER"]

1. e4 d6 2. d4 Nf6 3. Nc3 g6 4. Bg5 Nbd7 5. Qd2 Bg7 6. 0-0-0 c6 7. e5 dxe5 8. dxe5 Ng4 9. f4 Qb6 10. Bh4 Ne3 11. Na4 Nxf1 12. Nxb6 Nxd2 13. Nxa8 Nc4 14. Bf2 b6 15. b3 Na5 16. Ne2 0-0 17. Rd3 Nxe5 18. fxe5 Bf5 19. Nc7 Bxe5 20. Bg3 Bxd3 21. cxd3 Bxg3 22. Nxg3 Rc8 23. Na6 c5 24. Re1 Nc6 25. Kd2 f5 26. b4 Kf7 27. bxc5 bxc5 28. Rc1 Rd8 29. Rxc5 Rd6 30. Nc7 Nb4 31. Rc3 Rb6 32. Rb3 Nxa2 33. Rxb6 axb6 34. Nd5 e5 35. Nxb6 Nb4 36. Ne2 Nc6 37. Kc3 h5 38. Nc4 Kf6 39. d4 exd4+ 40. Nxd4 Ne7 41. Ne2 g5 42. Kd4 h4 43. Nc3 Ke6 44. Ne5 Ng8 45. Nf3 Kf6 46. Nd5+ Kg6 47. Ke5 f4 48. h3 Kh5 49. Kf5 Nh6+ 50. Kf6 Ng8+ 51. Kg7 1-0